• 首页
  • 本馆介绍
  • 公告通知
  • 最新文献
  • 馆藏检索
  • 电子资源
  • 读者导购
  • 参考咨询
  • 我的图书馆
  • 登录
  • 详细信息显示
  • 放入我的书架
  • 预约/预借图书
  • 作者相关作品
  • 分类相关作品
  • 丛书相关作品
  • 出版社相关作品

书目信息

  • 表格格式
  • 工作单格式
  • 卡片格式
题名:
和大人一起读
    
 
作者: 曹文轩 , 陈先云 主编
分册:  
出版信息: 北京   人民教育出版社  
页数: 60页
开本: 25cm
丛书名:
单 册:
中图分类: G624.233
科图分类:
主题词: 教育--各级
电子资源:
ISBN: 978-7-107-32713-1
000 00633nam0 2200205 450
001 2657350253
005 20260317155906.75
010    @a978-7-107-32713-1@dCNY9.95
100    @a20260317d km y0chiy0120 ea
101 0  @achi
102    @aCN@b110000
200 1  @a和大人一起读@AHe Da Ren Yi Qi Du@f曹文轩,陈先云主编@FCao Wen Xuan,Chen Xian Yun Zhu Bian
210    @a北京@c人民教育出版社
215    @a60页@d25cm
606 0  @a教育@x各级
690    @aG624.233@v4
701  0 @a曹文轩@ACao Wen Xuan@4主编
701  0 @a陈先云@AChen Xian Yun@4主编
801  0 @aCN@b大连网信软件有限公司图书馆·11@c20260317
905    @aZUCC@dG624.233@e5373:1
    
    和大人一起读/曹文轩,陈先云主编.-北京:人民教育出版社
    60页;25cm
    
    
    ISBN 978-7-107-32713-1:CNY9.95
    
●
相关链接 在E读中查询图书 在五车中查询图书 在当当中查询图书 在豆瓣中查询图书


正题名:和大人一起读     索取号:G624.233/5373:1         预约/预借

序号 登录号 条形码 馆藏地/架位号 状态 备注
1 1442190   214421909   第一样本阅览室/ [索取号:G624.233/5373:1] 在馆    
唐山师范学院图书馆 欢迎您!
大连网信软件有限公司© 版权所有